2025/26 Transfer window quiz - Statistiken

Allgemein
  • Dieses Quiz wurde 31 mal gespielt
  • Das Durchschnittsergebnis liegt bei 9 aus 20
Antwortstatistiken
Fee from to Name % Korrekt
74,200,000 Wolverhampton Manchester United Matheus Cunha
86%
21,000,000 Mainz 05 Eintracht Frankfurt Jonathan Burkardt
71%
35,000,000 PSV Eindhoven Leverkusen Malik Tillman
68%
20,000,000 Hoffenheim Leeds Anton Stach
64%
35,000,000 Liverpool Leverkusen Jarell Quansah
61%
18,000,000 PSV Eindhoven Leipzig Johan Bakayoko
57%
63,800,000 West Ham Tottenham Mohammed Kudus
57%
10,000,000 Juventus Turin Werder Bremen Samuel Mbangula
57%
25,000,000 AC Milan Al Hilal Theo Hernandez
57%
50,000,000 Benfica Real Madrid Alvaro Carreras
43%
68,250,000 Atalanta Al Qadsiah Mateo Retegui
39%
25,000,000 PSV Eindhoven Napoli Noa Lang
39%
42,000,000 Villareal Atletico Madrid Alex Baena
32%
on loan Benfica Besiktas Orkun Kökcü
29%
on loan Brighton AS Roma Evan Ferguson
21%
17,000,000 Brighton AC Milan Pervis Estupiñán
21%
27,000,000 Palmeiras Benfica Richard Rios
21%
23,000,000 Parma Calcio Inter Milan Ange-Yoan Bonny
18%
21,000,000 Botafogo Atletico Madrid Thiago Almada
14%
31,000,000 Bologna Napoli Sam Beukema
11%
Keine übereinstimmenden Quizze gefunden
Verteilung der Resultate
Anzahl Personen mit jedem Resultat
Perzentil nach korrekt beantworteten Fragen
Ihre Resultats-Entwicklung
Sie haben dieses Quiz noch nicht gespielt